Essentials of ecology / (Record no. 129199)

MARC details
000 -LEADER
fixed length control field 00842cam a22002534a 4500
008 - FIXED-LENGTH DATA ELEMENTS--GENERAL INFORMATION
fixed length control field
020 ## - INTERNATIONAL STANDARD BOOK NUMBER
International Standard Book Number 0632043482 (pbk.)
049 ## - LOCAL HOLDINGS (OCLC)
Holding library MAIN
090 ## - LOCALLY ASSIGNED LC-TYPE CALL NUMBER (OCLC); LOCAL CALL NUMBER (RLIN)
Classification number (OCLC) (R) ; Classification number, CALL (RLIN) (NR) QH541
Local cutter number (OCLC) ; Book number/undivided call number, CALL (RLIN) TOW
003 - CONTROL NUMBER IDENTIFIER
control field
005 - DATE AND TIME OF LATEST TRANSACTION
control field 20230123122159.0
040 ## - CATALOGING SOURCE
Transcribing agency NUST
100 ## - MAIN ENTRY--PERSONAL NAME
Personal name Townsend, Colin R.
245 #0 - TITLE STATEMENT
Title Essentials of ecology /
Statement of responsibility, etc. Colin R. Townsend, John L. Harper, and Michael Begon ; with assistance from Leigh Vanderklein ; special assistance provided by Douglas Reed.
260 ## - PUBLICATION, DISTRIBUTION, ETC.
Place of publication, distribution, etc. Massachusetts :
Name of publisher, distributor, etc. Blackwell Science,
Date of publication, distribution, etc. 2000.
300 ## - PHYSICAL DESCRIPTION
Extent xviii, 552 p. :
Other physical details col. ill. ;
Dimensions 26 cm.
500 ## - GENERAL NOTE
General note Includes index.
504 ## - BIBLIOGRAPHY, ETC. NOTE
Bibliography, etc. note Includes bibliographical references.
650 #0 - SUBJECT ADDED ENTRY--TOPICAL TERM
Topical term or geographic name entry element Ecology.
700 1# - ADDED ENTRY--PERSONAL NAME
Personal name Harper, John L.
700 1# - ADDED ENTRY--PERSONAL NAME
Personal name Begon, Michael.
907 ## - LOCAL DATA ELEMENT G, LDG (RLIN)
a .b10366490
b 23-11-15
c 19-11-15
942 ## - ADDED ENTRY ELEMENTS (KOHA)
Koha item type Ordinary Loan Books
Call number prefix QH541
Call number suffix TOW
Holdings
Date last seen Total Checkouts Full call number Barcode Cost, replacement price Price effective from Koha item type Lost status Source of classification or shelving scheme Damaged status Not for loan Collection Withdrawn status Home library Current library Shelving location Date acquired Cost, normal purchase price
01/23/2023 2 QH541 TOW 92004037700 80.00 01/23/2023 BOOKS   LCC     NFIC   MAIN MAIN GEN 01/23/2023 80.00